[Event "Spring Server Series, S91013"]
[Site "CCLA"]
[Date "2019.05.22"]
[Round "?"]
[White "Jarmuz, Frederick"]
[Black "Caliguire, John J."]
[Result "1/2-1/2"]
[WhiteElo "2245"]
[BlackElo "2279"]

1. d4 e6 2. e4 d5 3. Nc3 dxe4 4. Nxe4 Bd7 5. Nf3 Bc6 6. Bd3 Nd7 7. O-O 
Ngf6 8. Ng3 Bd6 9. Re1 O-O 10. Ne5 Be7 11. Nxc6 bxc6 12. b3 c5 13. Bb2 
cxd4 14. Bxd4 Bb4 15. Re2 a5 16. a3 Bd6 17. Bb5 Qc8 18. Bc6 Ra6 19. Bb5 
Ra8 20. Ne4 Rd8 21. Nxd6 cxd6 22. Bb2 d5 23. Re3 Qc5 24. a4 Nf8 25. Bxf6 
gxf6 26. Rh3 Ng6 27. Qd2 Rac8 28. Qxa5 Qxc2 29. Bd3 Qb2 30. Qe1 Rc7 31. 
Rb1 Qa3 32. Bb5 d4 33. Qd2 Qc5 34. Bd3 Qg5 35. Qd1 Rdc8 36. Rg3 Qc1 37. 
Bc4 Qxd1+ 38. Rxd1 e5 39. a5 Ra7 40. a6 Rc6 41. Ra1 Kf8 42. Rd3 Nh4 43. 
Ra5 Nf5 44. Rd1 Nd6 45. Be2 Rb6 46. f4 Ne4 47. Bf1 Nc3 48. Rd2 Rxb3 49. 
fxe5 fxe5 50. Rxe5 Rb1 51. Ra5 h5 52. h4 Ne4 53. Rda2 d3 54. Ra1 Rb3 55. 
R5a3 Rxa3 56. Rxa3 d2 57. Be2 Nc5 58. Ra5 Nxa6 59. Bxh5 Ke7 60. Kf2 Ra8 
61. Bd1 Nc7 62. Rc5 Ne6 63. Rd5 f5 64. Rxd2 Kf6 65. Rc2 Ra4 66. g3 Ra1 67.
 Rd2 Nc5 68. Bf3 Ra3 69. Kg2 Nd3 70. Be2 Nc5 71. Bf3 Nd3 72. Be2 1/2-1/2

[Event "Spring Server Series, S91013"]
[Site "CCLA"]
[Date "2019.05.22"]
[Round "?"]
[White "Jarmuz, Frederick"]
[Black "Sereni, Vincent T."]
[Result "1-0"]
[WhiteElo "2245"]
[BlackElo "2073"]

1. d4 d5 2. Nf3 Nf6 3. c4 dxc4 4. e3 Be6 5. Nc3 h6 6. Ne5 c6 7. Nxc4 g6 8.
 e4 Bg7 9. Ne5 Qa5 10. Bd2 Qb6 11. Nf3 Bg4 12. Be2 Bxf3 13. Bxf3 Qxd4 14. 
Qc2 Nbd7 15. Rd1 Qe5 16. Be2 O-O 17. Be3 Qe6 18. f4 Nb6 19. O-O Nfd5 20. 
Bc5 Nxc3 21. bxc3 Rfd8 22. c4 Nd7 23. Bf2 b6 24. e5 Nc5 25. Bf3 Rac8 26. 
g3 Rb8 27. Kg2 h5 28. Be3 Nb7 29. Rc1 Nc5 30. Rfd1 Bf8 31. a4 Na6 32. Rb1 
Rxd1 33. Rxd1 Nb4 34. Qe2 c5 35. h3 Rc8 36. g4 hxg4 37. hxg4 Rc7 38. Bc1 
Qc8 39. f5 e6 40. Bg5 Qb8 41. fxe6 fxe6 42. Qe4 Rg7 43. Rd8 Qc7 44. Bf6 
Qf7 45. g5 a5 46. Bg4 Nd5 47. cxd5 exd5 48. Qe1 Rh7 49. Bf3 d4 50. Bd5 1-0

[Event "Spring Server Series, S91013"]
[Site "CCLA"]
[Date "2019.05.22"]
[Round "?"]
[White "Sereni, Vincent T."]
[Black "Buss, Michael D."]
[Result "0-1"]
[WhiteElo "2073"]
[BlackElo "2489"]

1. e4 c5 2. Nf3 d6 3. Bb5+ Nd7 4. O-O a6 5. Be2 Ngf6 6. d3 b6 7. a4 g6 8. 
c4 Bg7 9. h3 Bb7 10. Nc3 O-O 11. Qb3 Nb8 12. a5 Nfd7 13. Nd5 Nc6 14. axb6 
Rb8 15. Bg5 h6 16. Bf4 Bc8 17. Qc2 Nxb6 18. Nc3 f5 19. exf5 gxf5 20. Bd2 
e6 21. Qd1 Kh7 22. Re1 Nd7 23. Na4 Bb7 24. Bf4 Qe7 25. g3 Nde5 26. Ra3 Ng6
27. Bc1 f4 28. g4 Bd4 29. Nc3 Nce5 30. Nxd4 cxd4 31. Ne4 Qh4 32. Bf1 h5 
33. Be2 Bxe4 34. dxe4 f3 35. Bf1 hxg4 36. Qxd4 gxh3 37. Kh1 h2 0-1

[Event "Spring Server Series, S91013"]
[Site "CCLA"]
[Date "2019.05.22"]
[Round "?"]
[White "Sereni, Vincent T."]
[Black "Ziemak, Ken"]
[Result "0-1"]
[WhiteElo "2073"]
[BlackElo "2254"]

1. e4 g6 2. d4 Bg7 3. Nc3 c5 4. d5 d6 5. Nf3 Nf6 6. Bd3 O-O 7. O-O Na6 8. 
Be2 Nc7 9. Re1 a6 10. a4 b6 11. h3 Bb7 12. Bc4 e6 13. dxe6 fxe6 14. Bg5 d5
15. exd5 exd5 16. Ba2 Kh8 17. Bh4 b5 18. a5 Qc8 19. Re7 d4 20. Nxd4 cxd4 
21. Qxd4 Nh5 22. Qe3 b4 23. Na4 Bxg2 24. Nb6 Qf5 25. Kxg2 Rae8 26. Rg1 
Nf4+ 27. Kh2 h6 28. Rg4 g5 29. Rxf4 Qxf4+ 30. Bg3 Qxe3 31. Rxe3 Bd4 32. 
Rd3 Be5 33. Rd2 Bxg3+ 34. fxg3 Rd8 35. Rg2 Rf5 36. Nc4 Nb5 37. g4 Rc5 38. 
Re2 Nd6 39. Rd2 Nb7 40. Re2 Nxa5 41. Nxa5 Rxa5 42. Bb3 Ra1 43. Re6 Rd2+ 
44. Kg3 Kg7 45. Re7+ Kf8 46. Rf7+ Ke8 47. Ra7 Kd8 48. Kf3 Rd7 49. Ra8+ Kc7
50. Be6 Rd8 51. Ra7+ Kb6 52. Rg7 a5 53. b3 Rf1+ 54. Kg3 Re1 55. Bf5 Re3+ 
56. Kf2 Rxh3 57. Kg2 Rc3 58. Kf1 Rd2 59. Re7 Rf3+ 60. Ke1 Rh2 61. Re6+ Kc5
62. Re5+ Kd4 63. Re4+ Kc3 64. Re5 Rff2 65. Rxa5 Rd2 66. Rc5+ Kb2 67. Ra5 
h5 68. gxh5 g4 69. Bxg4 Rdg2 70. Kf1 Rxg4 71. Re5 Rgg2 72. Re3 Rxc2 73. 
Kg1 Rxh5 74. Rg3 Rd5 0-1

[Event "Spring Server Series, S91013"]
[Site "CCLA"]
[Date "2019.05.22"]
[Round "?"]
[White "Sereni, Vincent T."]
[Black "Caliguire, John J."]
[Result "1/2-1/2"]
[WhiteElo "2073"]
[BlackElo "2279"]

1. e4 e6 2. d4 d5 3. Nc3 Bb4 4. exd5 exd5 5. Bd3 Nc6 6. Nf3 Bg4 7. O-O 
Nge7 8. Na4 Qd7 9. Be3 O-O 10. h3 Bf5 11. c3 Bxd3 12. Qxd3 Bd6 13. Nc5 Qc8
14. Qc2 b6 15. Nd3 Ng6 16. Rfe1 Qd7 17. c4 Nb4 18. Nxb4 Bxb4 19. Re2 dxc4 
20. Qxc4 Bd6 21. Rae1 Rfe8 22. Bd2 h6 23. a3 Rxe2 24. Qxe2 a5 25. Qe4 Rd8 
26. Bc1 Kf8 27. Qd3 Re8 28. Be3 Qc6 29. d5 Qd7 30. Rd1 Ne7 31. Nh4 Be5 32.
 Rd2 Kg8 33. Nf3 Bd6 34. Rd1 Rc8 35. Qb3 Qf5 36. Qc4 Rb8 37. a4 Re8 38. b3
Ng6 39. Kf1 Ne5 40. Nd4 Nxc4 41. Nxf5 Nxe3+ 42. Nxe3 Kf8 43. Nc4 Re4 44. 
f3 Re7 45. Nxd6 cxd6 46. Kf2 Rc7 47. Ke3 b5 48. axb5 Rc3+ 49. Rd3 Rc5 50. 
b6 Rb5 51. Kd4 Rxb6 52. Kc3 Rb5 53. Kc4 Rb4+ 54. Kc3 h5 55. Re3 g6 56. Re2
g5 57. Ra2 Rb5 58. Kc4 Rc5+ 59. Kd4 Ke7 60. Ra4 Kf6 61. g3 Kg7 62. Ra1 f5 
63. Ra4 Kf6 64. Ra1 Rb5 65. Kc4 Rc5+ 1/2-1/2

[Event "Spring Server Series, S91013"]
[Site "CCLA"]
[Date "2019.05.22"]
[Round "?"]
[White "Sereni, Vincent T."]
[Black "Jarmuz, Frederick"]
[Result "0-1"]
[WhiteElo "2073"]
[BlackElo "2245"]

1. e4 c5 2. Nf3 d6 3. Bc4 Nf6 4. Nc3 e6 5. d4 cxd4 6. Nxd4 Be7 7. O-O O-O 
8. Be3 Nc6 9. h3 a6 10. a3 Qc7 11. Nxc6 Qxc6 12. Bd3 b5 13. Qf3 Bb7 14. 
Bd4 Rac8 15. Rad1 Qc7 16. Rfe1 Bc6 17. Qg3 Nh5 18. Qg4 Nf6 19. Qf3 Kh8 20.
 Qe2 h6 21. Qd2 e5 22. Be3 Rfe8 23. Qe2 Rb8 24. Bd2 Qb7 25. Qf3 Bd8 26. b4
Re6 27. Be3 Rc8 28. Qf5 Qa8 29. Ra1 Bb7 30. Bd2 Bb6 31. a4 Bd4 32. axb5 
Bxc3 33. Bxc3 Rxc3 34. bxa6 Bc6 35. Ra5 Kg8 36. a7 Re7 37. Rea1 Bb7 38. b5
Nd7 39. Qf3 Nb6 40. Qe3 Rc5 41. Rd1 Qd8 42. Ra3 Qc7 43. Qd2 Re8 44. Be2 
Rd8 45. Rg3 Kh8 46. Bd3 Ra8 47. Qa5 Bc6 48. Ra1 Be8 49. Bf1 Rxc2 50. Rb3 
Bd7 51. Bd3 Rc1+ 52. Rxc1 Qxc1+ 53. Bf1 Qc7 54. Ra3 Be6 55. Kh2 Kh7 56. 
Ra1 Qc5 57. Qa3 Qd4 58. Kg1 Nc8 59. Qa4 Qxa4 60. Rxa4 Kg6 61. f3 Rxa7 62. 
Rxa7 Nxa7 63. b6 Nc6 64. Bb5 Nb8 65. Kf2 Kf6 66. g4 Ke7 67. Kg3 Kd8 68. h4
g5 69. Bd3 Kc8 70. hxg5 hxg5 71. Kf2 Kb7 72. Bb5 Kxb6 73. Bf1 Kc5 74. Bd3 
Bc4 75. Bc2 Kb4 76. Kg3 Nc6 77. Bd1 Nd4 78. Kf2 Bb3 79. Be2 Nxe2 80. Kxe2 
Kc3 0-1

[Event "Spring Server Series, S91014"]
[Site "CCLA"]
[Date "2019.05.22"]
[Round "?"]
[White "Beavan, Robert"]
[Black "Haase, F. Philip"]
[Result "1/2-1/2"]
[WhiteElo "2049"]
[BlackElo "2033"]

1. c4 Nf6 2. Nc3 e5 3. Nf3 Nc6 4. e3 Bb4 5. Qc2 d6 6. Nd5 Bc5 7. a3 a5 8. 
b3 Be6 9. Nc3 h6 10. Bb2 O-O 11. Be2 Qd7 12. O-O Rfe8 13. Rfd1 Rad8 14. d3
Ne7 15. Qd2 Bf5 16. Rac1 Ba7 17. Ne4 Bxe4 18. dxe4 Nxe4 19. Qxa5 Bb6 20. 
Qe1 Qe6 21. Nd2 Nf6 22. Nf1 c6 23. Ng3 Bc7 24. Nh5 Ng6 25. Nxf6+ Qxf6 26. 
g3 Nf8 27. b4 Nh7 28. Qd2 Ng5 29. f4 Nh7 30. Qc2 Qe7 31. Qc3 Nf6 32. fxe5 
dxe5 33. Rxd8 Rxd8 34. Rd1 Rxd1+ 35. Bxd1 Qe6 36. Qc2 h5 37. e4 h4 38. Kg2
h3+ 39. Kg1 Qd7 40. Bf3 g6 41. Qc3 c5 42. b5 Qd4+ 43. Kf1 Nd7 44. Qc2 Qe3 
45. Qc3 Qd4 46. Qc2 Qe3 47. Qc3 1/2-1/2

[Event "Spring Server Series, S91014"]
[Site "CCLA"]
[Date "2019.05.22"]
[Round "?"]
[White "Beavan, Robert"]
[Black "Hey, Brian"]
[Result "1-0"]
[WhiteElo "2049"]
[BlackElo "1861"]

1. c4 e5 2. Nc3 Nf6 3. Nf3 Nc6 4. e3 Bb4 5. Qc2 O-O 6. Nd5 Be7 7. a3 d6 8.
 d4 exd4 9. exd4 Nxd5 10. cxd5 Nb8 11. Bd3 g6 12. O-O Bg4 13. Nd2 Bf6 14. 
h3 Bc8 15. Nf3 Bg7 16. Bg5 f6 17. Bd2 Nd7 18. Rac1 Nb6 19. Qxc7 Nxd5 20. 
Qxd8 Rxd8 21. Rfe1 Nb6 22. b3 Bd7 23. Rc7 Bc6 24. Ree7 Rd7 25. Rexd7 Bxd7 
26. Rxb7 Be6 27. b4 Bd5 28. Rc7 f5 29. Be2 Re8 30. Bb5 Rc8 31. Rxa7 Bxf3 
32. gxf3 Bxd4 33. Be3 Bxe3 34. fxe3 Nd5 35. e4 fxe4 36. fxe4 Nf6 37. Bf1 
Nxe4 38. b5 Rc3 39. b6 Rb3 40. Bc4+ 1-0

[Event "Spring Server Series, S91014"]
[Site "CCLA"]
[Date "2019.05.22"]
[Round "?"]
[White "Beavan, Robert"]
[Black "Gerber, David F."]
[Result "1-0"]
[WhiteElo "2049"]
[BlackElo "1756"]

1. c4 c5 2. Nf3 Nf6 3. Nc3 e6 4. e3 d5 5. cxd5 exd5 6. d4 Nc6 7. Bb5 cxd4 
8. Nxd4 Bd7 9. O-O Bd6 10. e4 Nxe4 11. Nxc6 bxc6 12. Nxe4 dxe4 13. Qxd6 
cxb5 14. Qe5+ Qe7 15. Qxg7 Rf8 16. Bh6 O-O-O 17. Qc3+ 1-0

[Event "Spring Server Series, S91014"]
[Site "CCLA"]
[Date "2019.05.22"]
[Round "?"]
[White "Haase, F. Philip"]
[Black "Beavan, Robert"]
[Result "1/2-1/2"]
[WhiteElo "2033"]
[BlackElo "2049"]

1. e4 e6 2. d4 d5 3. Nc3 Bb4 4. exd5 exd5 5. Bd3 Nf6 6. Ne2 O-O 7. O-O c6 
8. a3 Bd6 9. Bf4 Re8 10. Qd2 Bxf4 11. Nxf4 Nbd7 12. Rae1 Nf8 13. h3 Ng6 
14. g4 Bd7 15. Bxg6 hxg6 16. Nd3 Qb6 17. Nc5 Rad8 18. Rxe8+ Rxe8 19. Kg2 
Bc8 20. Rb1 Qd8 21. Re1 Rxe1 22. Qxe1 Ne8 23. Qe3 Nd6 24. b3 b6 25. Nd3 f6
26. f4 Kf7 27. Nf2 a6 28. Nd3 Qc7 29. a4 Qe7 30. Qxe7+ Kxe7 31. a5 Ne4 32.
 Na4 bxa5 33. Ndc5 Nxc5 34. Nxc5 g5 35. fxg5 fxg5 36. Kf2 Kd6 37. Ke3 Be6 
38. Nxa6 Bg8 39. Nc5 Bh7 40. c3 Kc7 41. Kd2 Kd6 42. Ke2 Kc7 43. Ne6+ Kd6 
44. Nc5 1/2-1/2

[Event "Spring Server Series, S91014"]
[Site "CCLA"]
[Date "2019.05.22"]
[Round "?"]
[White "Haase, F. Philip"]
[Black "Hey, Brian"]
[Result "1-0"]
[WhiteElo "2033"]
[BlackElo "1861"]

1. e4 e5 2. Nf3 Nc6 3. d4 exd4 4. Bc4 Nf6 5. O-O Nxe4 6. Nxd4 d5 7. Bb5 
Bd7 8. Nc3 Nxc3 9. bxc3 Be7 10. Rb1 O-O 11. Bd3 Nxd4 12. cxd4 Bd6 13. Rxb7
Qh4 14. g3 Qf6 15. Qh5 g6 16. Qxd5 Be6 17. Qe4 Rfe8 18. Bb5 Red8 19. Bc6 
Bf5 20. Qf3 Qxd4 21. Bb2 Qc5 22. Rb5 Qc4 23. Rxf5 1-0

[Event "Spring Server Series, S91014"]
[Site "CCLA"]
[Date "2019.05.22"]
[Round "?"]
[White "Haase, F. Philip"]
[Black "Gerber, David F."]
[Result "1-0"]
[WhiteElo "2033"]
[BlackElo "1756"]

1. e4 e6 2. d4 d5 3. Nc3 dxe4 4. Nxe4 Bd7 5. Nf3 Bc6 6. Bd3 Nd7 7. O-O 
Ngf6 8. Ng3 Be7 9. Qe2 Bxf3 10. Qxf3 c6 11. c3 O-O 12. h3 Re8 13. Re1 Nf8 
14. a4 Qd5 15. Ne4 Rad8 16. Nxf6+ Bxf6 17. Be4 Qd7 18. Be3 Ng6 19. Rad1 
Qc7 20. g3 Rd7 21. Qh5 Nf8 22. h4 g6 23. Qf3 Bg7 24. h5 h6 25. hxg6 fxg6 
26. Qg4 Kh7 27. Kg2 Qd8 28. Rh1 Qf6 29. a5 a6 30. Bg5 Qf7 31. Rd3 1-0

[Event "Spring Server Series, S91014"]
[Site "CCLA"]
[Date "2019.05.22"]
[Round "?"]
[White "Hey, Brian"]
[Black "Beavan, Robert"]
[Result "0-1"]
[WhiteElo "1861"]
[BlackElo "2049"]

1. d4 d5 2. c4 dxc4 3. Nf3 Nf6 4. e3 e6 5. Bxc4 c5 6. Qe2 a6 7. dxc5 Bxc5 
8. O-O Nc6 9. e4 b5 10. Bb3 Nd4 11. Nxd4 Qxd4 12. Be3 Qe5 13. Bxc5 Qxc5 
14. Nc3 O-O 15. Rfd1 Bb7 16. Rac1 Rac8 17. Bc2 Rfd8 18. Bd3 b4 19. e5 Ne8 
20. Nd5 Qxd5 0-1

[Event "Spring Server Series, S91014"]
[Site "CCLA"]
[Date "2019.05.22"]
[Round "?"]
[White "Hey, Brian"]
[Black "Haase, F. Philip"]
[Result "0-1"]
[WhiteElo "1861"]
[BlackElo "2033"]

1. d4 Nf6 2. c4 e6 3. g3 d5 4. Bg2 c5 5. cxd5 exd5 6. Nf3 Be6 7. O-O Nc6 
8. Nc3 Be7 9. dxc5 Bxc5 10. Bg5 Be7 11. Nd4 O-O 12. Rc1 Rc8 13. Nxe6 fxe6 
14. Qb3 Qd7 15. Rfd1 Na5 16. Qb5 Rxc3 17. Qxd7 Nxd7 18. Bxe7 Rxc1 19. Rxc1
Re8 20. Bb4 Nc6 21. Bc3 Nf6 22. e3 Rc8 23. Kf1 b6 24. a3 Na5 25. Ke2 Kf7 
26. Bd2 Rxc1 27. Bxc1 Nb3 28. Bd2 Nxd2 29. Kxd2 Ng4 30. Kc3 Nxf2 31. Bf3 
Ke7 32. Be2 Kd6 33. Kb4 Ke5 34. Kb5 Ke4 35. Ka6 Kxe3 36. Bb5 d4 37. Kxa7 
d3 38. Bxd3 Nxd3 39. b4 e5 40. Kxb6 Kd4 0-1

[Event "Spring Server Series, S91014"]
[Site "CCLA"]
[Date "2019.05.22"]
[Round "?"]
[White "Hey, Brian"]
[Black "Gerber, David F."]
[Result "1-0"]
[WhiteElo "1861"]
[BlackElo "1756"]

1. d4 d5 2. c4 e6 3. g3 Nf6 4. Bg2 Bb4+ 5. Bd2 Be7 6. Nf3 O-O 7. O-O Nbd7 
8. Qc2 c6 9. Rd1 b6 10. b3 Ba6 11. Be1 Rc8 12. Nbd2 c5 13. Qb2 Rc7 14. 
Rac1 Qc8 15. Rc3 Rd8 16. Rdc1 Bd6 17. e3 h6 18. h3 Ne4 19. Nxe4 dxe4 20. 
Nd2 f5 21. f3 exf3 22. Nxf3 Bb7 23. Qf2 Rf8 24. R3c2 Qd8 25. Bc3 Rf7 26. 
Rd2 Qe7 27. dxc5 Bxc5 28. Rcd1 Bc6 29. Be5 Kh7 30. Bxc7 1-0

[Event "Spring Server Series, S91014"]
[Site "CCLA"]
[Date "2019.05.22"]
[Round "?"]
[White "Gerber, David F."]
[Black "Beavan, Robert"]
[Result "0-1"]
[WhiteElo "1756"]
[BlackElo "2049"]

1. d4 d5 2. Nf3 Nf6 3. c4 dxc4 4. e3 e6 5. Bxc4 c5 6. O-O cxd4 7. exd4 Be7
8. Nc3 O-O 9. Re1 Nc6 10. a3 b6 11. Bg5 Nd5 12. Bxe7 Ncxe7 13. Rc1 Bb7 14.
 h3 Rc8 15. Ba2 Nxc3 16. Rxc3 Rxc3 17. bxc3 Ng6 18. Bb1 Nf4 19. Re3 Nd5 
20. Qd3 g6 21. Re1 Nf4 22. Qd1 Qc7 23. Be4 Bxe4 24. Rxe4 Nd5 25. Qc2 Qxc3 
26. Qxc3 Nxc3 27. Re1 Kg7 28. Rc1 Ne2+ 0-1

[Event "Spring Server Series, S91014"]
[Site "CCLA"]
[Date "2019.05.22"]
[Round "?"]
[White "Gerber, David F."]
[Black "Haase, F. Philip"]
[Result "0-1"]
[WhiteElo "1756"]
[BlackElo "2033"]

1. d4 d5 2. c4 e6 3. Nc3 c5 4. cxd5 exd5 5. Nf3 Nc6 6. g3 Nf6 7. Bg2 Be7 
8. O-O O-O 9. Bg5 c4 10. Ne5 Be6 11. e3 h6 12. Bxf6 Bxf6 13. f4 Ne7 14. 
Qe2 Qa5 15. Rfb1 Rad8 16. g4 a6 17. f5 Bc8 18. Qc2 b5 19. b3 h5 20. h3 
hxg4 21. hxg4 Qc7 22. e4 dxe4 23. Qxe4 Bxf5 24. gxf5 Rxd4 25. Qxd4 Bxe5 
26. Qe3 Nxf5 27. Qe4 Qb6+ 0-1

[Event "Spring Server Series, S91014"]
[Site "CCLA"]
[Date "2019.05.22"]
[Round "?"]
[White "Gerber, David F."]
[Black "Hey, Brian"]
[Result "0-1"]
[WhiteElo "1756"]
[BlackElo "1861"]

1. d4 f5 2. c4 Nf6 3. Nc3 e6 4. e3 Bb4 5. Qc2 b6 6. Bd3 Bb7 7. f3 O-O 8. 
Ne2 c5 9. a3 Bxc3+ 10. Qxc3 Qe7 11. O-O d6 12. b4 cxd4 13. exd4 Nfd7 14. 
Bd2 e5 15. Qc2 g6 16. Rae1 Nc6 17. b5 Nd8 18. Bb4 a5 19. Bc3 Nf7 20. Ng3 
Rae8 21. a4 Ng5 22. Rf2 Qg7 23. Qb2 Re7 24. Rfe2 Bxf3 25. gxf3 Nxf3+ 26. 
Kg2 Nxe1+ 27. Rxe1 e4 28. Bc2 Qh6 29. Bb3 Nf6 30. c5+ d5 31. c6 e3 32. Qa2
Rd8 33. Bxa5 bxa5 34. b6 f4 35. c7 Rf8 36. Bxd5+ Nxd5 37. Qxd5+ Kg7 38. 
Qd6 Qg5 39. Rxe3 fxe3 40. b7 e2 41. c8=Q Rxc8 42. bxc8=Q e1=Q 0-1

[Event "2019 Spring Server Series, S91015"]
[Site "CCLA"]
[Date "2019.05.22"]
[Round "?"]
[White "Ruiz, Glenn"]
[Black "Walsh, Patrick"]
[Result "1/2-1/2"]
[WhiteElo "1757"]
[BlackElo "1813"]

1. d4 Nf6 2. c4 c5 3. d5 b5 4. cxb5 a6 5. b6 g6 6. Nf3 Qxb6 7. Nc3 d6 8. 
e4 Bg7 9. Nd2 O-O 10. Be2 Qc7 11. Nc4 Nbd7 12. a4 Nb6 13. Na3 Bb7 14. a5 
Nc8 15. Nc4 Re8 16. O-O e6 17. Bf4 exd5 18. exd5 Ne4 19. Nxe4 Rxe4 20. Be3
Ne7 21. Nb6 Rb8 22. Qd2 Rb4 23. Rab1 Nf5 24. Bf3 Nd4 25. Bxd4 Bxd4 26. 
Rfc1 Qd8 27. Rc4 Rb5 28. Be2 Rxb6 29. axb6 Bxd5 30. Rxd4 cxd4 31. Qxd4 Be6
1/2-1/2

[Event "2019 Spring Server Series, S91015"]
[Site "CCLA"]
[Date "2019.05.22"]
[Round "?"]
[White "Ruiz, Glenn"]
[Black "Smith, Jason A."]
[Result "1-0"]
[WhiteElo "1757"]
[BlackElo "1722"]

1. d4 e6 2. c4 f5 3. g3 Nf6 4. Bg2 d5 5. Nf3 c6 6. O-O Bd6 7. b3 Qe7 8. 
Bb2 O-O 9. Qc1 b5 10. Ne5 a5 11. a4 bxc4 12. bxc4 Ba6 13. Ba3 Rc8 14. Bxd6
Qxd6 15. c5 Qc7 16. Nc3 Nbd7 17. f4 Nxe5 18. fxe5 Nd7 19. g4 Rf8 20. gxf5 
Rxf5 21. Rxf5 exf5 22. Nxd5 Qd8 23. Nc3 Rc8 24. Qf4 Nf8 25. Rd1 g6 26. Qh6
Bc4 27. e4 fxe4 28. Nxe4 Nd7 29. Nd6 Bb3 30. Rd3 Rb8 31. Bxc6 Rb4 32. Rxb3
Rxd4 33. Bxd7 Qxd7 34. Rb8+ Qc8 35. Rxc8# 1-0

[Event "2019 Spring Server Series, S91015"]
[Site "CCLA"]
[Date "2019.05.22"]
[Round "?"]
[White "Ruiz, Glenn"]
[Black "Zarges, Ron V."]
[Result "1/2-1/2"]
[WhiteElo "1757"]
[BlackElo "1664"]

1. d4 Nf6 2. c4 e6 3. Nf3 Bb4+ 4. Bd2 Qe7 5. g3 Bxd2+ 6. Qxd2 Nc6 7. b3 d5
8. Bg2 Qb4 9. O-O Qxd2 10. Nbxd2 Ne7 11. b4 c6 12. Ne5 O-O 13. e3 Nd7 14. 
Nd3 a5 15. cxd5 exd5 16. bxa5 Rxa5 17. a4 b6 18. Nb3 Ra7 19. Rfc1 Bb7 20. 
a5 Rfa8 21. axb6 Rxa1 22. Nxa1 Nxb6 23. Nb3 Nc4 24. Bh3 Bc8 25. Bxc8 Rxc8 
26. Ra1 Kf8 27. Nbc5 Ke8 28. Nb7 Ng6 29. Ndc5 1/2-1/2

[Event "2019 Spring Server Series, S91015"]
[Site "CCLA"]
[Date "2019.05.22"]
[Round "?"]
[White "Walsh, Patrick"]
[Black "Ruiz, Glenn"]
[Result "1/2-1/2"]
[WhiteElo "1813"]
[BlackElo "1757"]

1. c4 Nf6 2. Nf3 e6 3. Nc3 Bb4 4. d4 c5 5. g3 Nc6 6. Bg2 Ne4 7. Bd2 Nxd2 
8. Qxd2 d6 9. dxc5 dxc5 10. Qxd8+ Kxd8 11. O-O-O+ Ke7 12. Rd3 Bxc3 13. 
Rxc3 Bd7 14. a3 Rhd8 15. Rd3 Be8 16. Kc2 f6 17. Rdd1 Rxd1 18. Rxd1 Rd8 19.
 Rxd8 Kxd8 20. Kc3 1/2-1/2

[Event "2019 Spring Server Series, S91015"]
[Site "CCLA"]
[Date "2019.05.22"]
[Round "?"]
[White "Walsh, Patrick"]
[Black "Smith, Jason A."]
[Result "1-0"]
[WhiteElo "1813"]
[BlackElo "1722"]

1. c4 e6 2. Nc3 Nf6 3. Nf3 Bb4 4. d4 b6 5. Bg5 Bb7 6. Nd2 h6 7. Bh4 O-O 8.
 e4 Be7 9. Bg3 d6 10. Be2 Nc6 11. Nb3 d5 12. cxd5 exd5 13. e5 Ne4 14. Nxe4
dxe4 15. O-O Nb4 16. a3 Nd3 17. f3 Nxb2 18. Qc2 Na4 19. fxe4 Qd7 20. d5 
Nc5 21. Nd4 Qa4 22. Qxa4 Nxa4 23. e6 Nc5 24. d6 Bxd6 25. exf7+ Kh8 26. e5 
Be7 27. e6 Bf6 28. Rxf6 gxf6 29. Bh5 Bd5 30. e7 Bxf7 31. exf8=Q+ Rxf8 32. 
Bxf7 Rxf7 33. Re1 Nd3 34. Re8+ Kh7 35. Nc6 a5 36. Re7 Rxe7 37. Nxe7 c5 38.
 Bc7 c4 39. Nd5 b5 40. Bxa5 Kg6 41. Nc3 Kf5 42. Nxb5 Ke4 43. Bc3 Ne5 44. 
a4 Kd5 45. a5 Nc6 46. a6 f5 47. a7 Nxa7 48. Nxa7 Ke4 49. Kf2 Kd3 50. Nb5 
h5 51. Kf3 h4 52. g3 hxg3 53. hxg3 Kc2 54. Kf4 Kb3 55. Kxf5 Ka4 56. Nd6 
Kb3 57. Ne4 Kc2 58. g4 Kd3 59. g5 Ke3 60. g6 Kf3 61. g7 Kg2 62. g8=Q+ Kh1 
63. Nf2+ Kh2 64. Be5# 1-0

[Event "2019 Spring Server Series, S91015"]
[Site "CCLA"]
[Date "2019.05.22"]
[Round "?"]
[White "Walsh, Patrick"]
[Black "Zarges, Ron V."]
[Result "1-0"]
[WhiteElo "1813"]
[BlackElo "1664"]

1. c4 e5 2. g3 c6 3. Nf3 e4 4. Nd4 Nf6 5. Nc3 Qb6 6. e3 d5 7. Qc2 Bd7 8. 
a3 c5 9. Nde2 dxc4 10. Nxe4 Nxe4 11. Qxe4+ Be7 12. Nf4 Bc6 13. Nd5 Qd8 14.
 Bxc4 Nd7 15. Rg1 Nf6 16. Qxe7+ Qxe7 17. Nxe7 Kxe7 18. b4 b6 19. Bb2 Rhd8 
20. bxc5 bxc5 21. Ke2 Rd7 22. f3 Ne8 23. Rgc1 Rc8 24. Rab1 a5 25. Bc3 Ra7 
26. Bb5 a4 27. Bxc6 Rxc6 28. Bb4 Rac7 29. Rxc5 Kd7 30. Ra5 1-0

[Event "2019 Spring Server Series, S91015"]
[Site "CCLA"]
[Date "2019.05.22"]
[Round "?"]
[White "Smith, Jason A."]
[Black "Ruiz, Glenn"]
[Result "1/2-1/2"]
[WhiteElo "1722"]
[BlackElo "1757"]

1. Nf3 Nf6 2. g3 b6 3. Bg2 Bb7 4. O-O e6 5. c4 Be7 6. Nc3 c5 7. d4 cxd4 8.
 Qxd4 d6 9. Bg5 Nbd7 10. Nb5 h6 11. Bxf6 Nxf6 12. Rfd1 d5 13. cxd5 exd5 
14. Rac1 O-O 15. Nc3 Bc5 16. Qd2 Qe7 17. Nd4 Qe5 18. Na4 Bxd4 19. Qxd4 
Qxe2 20. Nc3 Qxb2 21. Nxd5 Qxd4 22. Rxd4 Nxd5 23. Bxd5 Rad8 24. Bxf7+ Kh8 
25. Rxd8 Rxd8 26. Kf1 Bd5 27. Rc7 Bxf7 28. Rxf7 a5 29. Ke2 Kh7 30. Rb7 Rd6
31. f4 Kg6 32. g4 Kf6 33. g5+ hxg5 34. fxg5+ Kxg5 35. Rxg7+ Kf4 36. Rg2 b5
37. Ke1 b4 38. Rd2 Rb6 39. Kd1 b3 40. Rb2 a4 41. Kc1 Kg4 1/2-1/2

[Event "2019 Spring Server Series, S91015"]
[Site "CCLA"]
[Date "2019.05.22"]
[Round "?"]
[White "Smith, Jason A."]
[Black "Walsh, Patrick"]
[Result "0-1"]
[WhiteElo "1722"]
[BlackElo "1813"]

1. Nf3 c5 2. c4 Nf6 3. Nc3 e6 4. g3 b6 5. Bg2 Bb7 6. O-O Be7 7. d4 cxd4 8.
 Qxd4 d6 9. Bg5 a6 10. Bxf6 Bxf6 11. Qf4 O-O 12. Rfd1 Be7 13. Ne4 e5 14. 
Qe3 Nc6 15. Qd2 Qb8 16. Nc3 f5 17. Nd5 Bd8 18. Ng5 Qc8 19. Nxb6 Bxb6 20. 
Qd5+ Kh8 21. Nf7+ Rxf7 22. Qxf7 Bc5 23. Bd5 Ra7 24. Be6 Qd8 25. Bxf5 Nd4 
26. Qh5 Nxf5 27. Qxf5 Ra8 28. e3 Qe7 29. Qc2 Rf8 30. a3 Bf3 31. b4 Qe6 32.
 Kf1 Bxe3 33. Qd3 Qh3+ 34. Ke1 Bxf2+ 35. Kd2 Qg2 36. Kc3 Be4 37. Qxd6 Bd4+
38. Rxd4 Qc2# 0-1

[Event "2019 Spring Server Series, S91015"]
[Site "CCLA"]
[Date "2019.05.22"]
[Round "?"]
[White "Smith, Jason A."]
[Black "Zarges, Ron V."]
[Result "1-0"]
[WhiteElo "1722"]
[BlackElo "1664"]

1. Nf3 d5 2. e4 dxe4 3. Ng5 Nf6 4. Bc4 e6 5. Nc3 Be7 6. Ncxe4 O-O 7. d4 
Nxe4 8. Nxe4 Nd7 9. Bf4 b6 10. Qf3 Rb8 11. Qg3 Bh4 12. Qg4 Bb7 13. Bh6 Bf6
14. Nxf6+ Qxf6 15. Be3 Qg6 16. Qxg6 hxg6 17. O-O Nf6 18. Rad1 Bd5 19. Bxd5
Nxd5 20. Rfe1 Nxe3 21. Rxe3 Rbd8 22. Kf1 Rd6 23. Ke2 f6 24. c4 Rfd8 25. 
Red3 c6 26. c5 bxc5 27. dxc5 Rd5 28. Rxd5 exd5 29. Rd3 Rb8 30. b3 Rb5 31. 
Rc3 Rb8 32. Kd3 Kf7 33. a3 a5 34. Kc2 g5 35. Re3 Rb5 36. Rc3 Rb8 37. a4 
Ke6 38. Re3+ Kd7 39. Rh3 Ke6 40. Re3+ Kd7 41. Rd3 Ke6 42. Kc3 Rb4 43. Rd4 
Rxd4 44. Kxd4 g6 45. g4 Kd7 46. Kc3 Kc7 47. b4 axb4+ 48. Kxb4 Kb7 49. Kc3 
Ka6 50. f4 gxf4 51. h4 f5 52. gxf5 1-0

[Event "2019 Spring Server Series, S91015"]
[Site "CCLA"]
[Date "2019.05.22"]
[Round "?"]
[White "Zarges, Ron V."]
[Black "Ruiz, Glenn"]
[Result "1/2-1/2"]
[WhiteElo "1664"]
[BlackElo "1757"]

1. e4 c6 2. d4 d5 3. exd5 cxd5 4. c4 Nf6 5. Nc3 e6 6. Nf3 Bb4 7. cxd5 Nxd5
8. Qc2 Nc6 9. a3 Bd6 10. Bd3 Nce7 11. O-O Bd7 12. Ne4 Bc6 13. Ne5 h6 14. 
Qe2 O-O 15. Ng3 Nf6 16. b4 Rc8 17. b5 Bd5 18. Nh5 Nxh5 19. Qxh5 Bxe5 20. 
Qxe5 f5 21. Bd2 Qd7 22. Rac1 Kh7 23. Rxc8 Rxc8 24. Rc1 b6 25. f3 Rxc1+ 26.
 Bxc1 Ng6 27. Qe2 Ne7 28. Bf4 Kg8 29. Qc2 Bxf3 30. Qf2 Ba8 31. Bc4 Bd5 32.
 Qe2 Bxc4 33. Qxc4 Qd5 34. Qd3 Nc8 35. h3 Nd6 36. a4 Nc8 37. Qc3 Qd7 38. 
Kf2 Ne7 1/2-1/2